Delitos contra el honor : libertad de expresión y de información /
Guardado en:
| Autor Principal: | |
|---|---|
| Formato: | Libro |
| Idioma: | Spanish |
| Publicado: |
Buenos Aires :
Universidad,
2005
|
| Edición: | 1a. ed. |
| Materias: | |
| Etiquetas: |
Agregar Etiqueta
Sin Etiquetas, Sea el primero en etiquetar este registro!
|
| LEADER | 00549nam a22001695a 4500 | ||
|---|---|---|---|
| 001 | DER.der003720 | ||
| 008 | 180615s2005####ag#||||||||||||||#||spa|| | ||
| 005 | 20250717125406.0 | ||
| 245 | 1 | 0 | |a Delitos contra el honor : |b libertad de expresión y de información / |c María Eva Merlo. |
| 250 | |a 1a. ed. | ||
| 260 | |a Buenos Aires : |b Universidad, |c 2005 | ||
| 300 | |a 143 p. | ||
| 020 | |a 9506793654 | ||
| 100 | 1 | |a Merlo, María Eva | |
| 650 | 7 | |a DERECHO PENAL | |
| 859 | |a DERECHO |b BIB. DERECHO |h 345 |i MER |p 005303 | ||
| 859 | |a DERECHO |b BIB. DERECHO |h 345 |i MER |k 1.18 |p 005304 |t 1 | ||
